000 00333nam a2200133Ia 4500
003 GCL
008 140319s9999 xx 000 0 eng d
040 _aGCL /
_cGCL
082 0 4 _a004
_bB C
100 1 _aBRADLEY, RAY
245 1 0 _aCOMPUTER STUDIES /
_cBRADLEY, RAY
260 _a[S.N] :
_bBPCC WHEATONS LTD, ،
_c1992
300 _a160 P
999 _c16533
_d16533